Intertransport '97
Kontakty a obchod pod jednou strechou (Kamiónová doprava, preprava a špedícia. Medzinárodná burza, výstava, konferencia, semináre a prezentácie. Zdokonalenie dopravy). Bielorusko: Od 1. novembra po novom na diaľnicu (Tarify a spôsob vyberania poplatkov od majiteľov a používateľov dopravných prostrie...
Salvato in:
| Natura: | Capitolo di libro |
|---|---|
| Lingua: | slovacco |
| Soggetti: | |
| Tags: |
Nessun Tag, puoi essere il primo ad aggiungerne!!
|
MARC
| LEADER | 00000naa a2200000 4500 | ||
|---|---|---|---|
| 001 | r022309 | ||
| 005 | 20230801110024.2 | ||
| 041 | 0 | |a slo | |
| 044 | |a SK | ||
| 245 | 1 | 0 | |a Intertransport '97 |
| 520 | |a Kontakty a obchod pod jednou strechou (Kamiónová doprava, preprava a špedícia. Medzinárodná burza, výstava, konferencia, semináre a prezentácie. Zdokonalenie dopravy). Bielorusko: Od 1. novembra po novom na diaľnicu (Tarify a spôsob vyberania poplatkov od majiteľov a používateľov dopravných prostriedkov za prejazd diaľnicou Brest - Minsk - hranica Ruskej federácie). Karnety TIR v Uzbekistane. | ||
| 610 | 2 | 0 | |a Slovensko |
| 610 | 2 | 0 | |a Bielorusko |
| 610 | 2 | 0 | |a Uzbekistan |
| 610 | 2 | 0 | |a január |
| 610 | 2 | 0 | |a 1997 |
| 610 | 2 | 0 | |a 1996 |
| 610 | 2 | 0 | |a doprava |
| 610 | 2 | 0 | |a výstavy |
| 610 | 2 | 0 | |a Intertransport '97 |
| 610 | 2 | 0 | |a diaľnice |
| 610 | 2 | 0 | |a karnety TIR |